000 00221 a2200097 4500
001 15738
100 _aMoudoodi
245 _aSeerat Sarwar-e-Alam (Vol-I)
260 _a
_bAdara Turjaman ul Quran
_c
090 _c12295
_d12295
942 _aNUST-CAE
_cM
_c2553
999 _c250811
_d250811